02203nam a22003017a 4500952009600000952010800096952009600204952009600300952009600396952009600492952009600588952009600684952009600780999001900876008004100895020001500936050001500951245012900966260005101095300003501146505038501181519020301566650002601769700003901795700003101834700002901865942000701894 00102lcc4070a23b23d2019-11-07l0oRC438 P74p23 003458r2026-01-05t1w2019-11-07yLB 00102lcc4070a23b23d2019-11-07l1oRC438 P74p23 003459r2026-01-05s2020-02-11t2w2019-11-07yLB 00102lcc4070a23b23d2019-11-07l0oRC438 P74p23 003460r2026-01-05t3w2019-11-07yLB 00102lcc4070a23b23d2019-11-07l0oRC438 P74p23 003461r2025-01-07t4w2019-11-07yLB 00102lcc4070a23b23d2019-11-07l0oRC438 P74p23 003462r2026-01-05t5w2019-11-07yLB 00102lcc4070a23b23d2019-11-07l0oRC438 P74p23 003463r2025-01-07t6w2019-11-07yLB 00102lcc4070a23b23d2019-11-07l0oRC438 P74p23 003464r2026-01-05t7w2019-11-07yLB 00102lcc4070a23b23d2019-11-07l0oRC438 P74p23 003465r2026-01-05t8w2019-11-07yLB 00102lcc4070a23b23d2019-11-07l0oRC438 P74p23 003466r2025-01-07t9w2019-11-07yLB c104701d104701191107s2006 sp a|||| |||| 000 0 spa d a8497512081 4aRC438bP74 aPsiquiatríab: historia, dimensión social y culturalc/Elvira Arquiola, Ángel González, Félix González...[et.al]3 aBarcelonab: Ars XXI de comunicaciónc, 2006 a165 páginasb: ilustraciones1 aBosquejo histórico de la psiquiatría Dimensión médica, social y cultural de la enfermedad mental La enfermedad mental en el arte La enfermedad mental en la Literatura La enfermedad mental en la política La enfermedad mental en el cine La enfermedad en la sociedad La enfermedad mental en la música La enfermedad mental en la ciencia La enfermedad mental en filosofía aPlan UNAM 8° semestre / bEnfermería / cEnfermería de la salud mental comunitaria (1811) / d(23 003458, 23 003459, 23 003460, 23 003461, 23 003462, 23 003463, 23 003464, 23 003465, 23 003466)14aPSIQUIATRIAxHISTORIA1 aArquiola, Elvirad1947-1995eautor1 aGonzález, Ángeleautor1 aGonzález, Felixeautor cLB